| 000 | 00401pab a2200157 454500 | ||
|---|---|---|---|
| 008 | 180718b2003 xxu||||| |||| 00| 0 eng d | ||
| 100 | _aSharma, Dinesh | ||
| 245 | _aManagement education in India - need for a fresh look | ||
| 260 | _c2003 | ||
| 300 | _ap.12-13. | ||
| 362 | _aFeb | ||
| 650 | _aManagement education - India | ||
| 650 | _aManagement education | ||
| 773 | _aYojana | ||
| 909 | _a55566 | ||
| 999 |
_c55566 _d55566 |
||